[Event "TCh-FRA Nat1 GpB"]
[Site "Clichy FRA"]
[Date "2004.01.30"]
[Round "1"]
[White "Gharamian,T"]
[Black "Wirig,A"]
[Result "1-0"]
[WhiteElo "2332"]
[BlackElo "2418"]

1.e4 c5 2.Nc3 Nc6 3.Bb5 Nd4 4.Bc4 e6 5.Nf3 Nf6 6.O-O a6 7.d3 b5 8.Bb3 Nxb3
9.axb3 Bb7 10.e5 b4 11.Nb1 Nd5 12.Nbd2 Be7 13.Nc4 O-O 14.Nfd2 f5 15.Na5 Bc8
16.Ndc4 f4 17.Qf3 Rb8 18.Nd2 Qc7 19.Nac4 Nb6 20.Nxb6 Rxb6 21.Nc4 Rb8 22.Qg4 f3
23.Bh6 Rf7 24.g3 Bb7 25.Rfe1 Rbf8 26.Bg5 h5 27.Qh4 Bxg5 28.Qxg5 Rf5 29.Qh4 Bd5
30.Nd6 Kh7 31.Rxa6 Kh6 32.Qe7 Bc6 33.Nxf5+ Rxf5 34.Qxc5 Qd8 35.Qxb4 Qg5 36.h4 Qg6
37.Qc4 Kh7 38.Rxc6 dxc6 39.Qxc6 Rf4 40.Re4 Rf5 41.Re3 Qf7 42.d4 g5 43.d5 gxh4
44.Qxe6 Qf8 45.d6 Rf7 46.d7 hxg3 47.d8=Q  1-0

[Event "9th HIT Open"]
[Site "Nova Gorica SLO"]
[Date "2004.01.31"]
[Round "2"]
[White "Crepan,M"]
[Black "Dobrov,V"]
[Result "0-1"]
[WhiteElo "2292"]
[BlackElo "2481"]

1.e4 c5 2.Nf3 Nc6 3.Nc3 Nf6 4.d4 cxd4 5.Nxd4 e5 6.Nb3 Bb4 7.Bc4 O-O 8.Qd3 d6
9.O-O Bxc3 10.bxc3 Be6 11.Ba3 Bxc4 12.Qxc4 Qc7 13.Rfd1 Rfd8 14.Rd2 b5 15.Qe2 a5
16.Rad1 b4 17.Bb2 bxc3 18.Bxc3 Nb4 19.Bxb4 axb4 20.Nc1 Qc6 21.f3 h6 22.Qf2 d5
23.exd5 Rxd5 24.Rxd5 Nxd5 25.Nd3 f6 26.Qc5 Qxc5+ 27.Nxc5 Nc3 28.Rd7 Ne2+
29.Kf1 Nd4 30.Rb7 Nxc2 31.Ne6 Ne3+ 32.Kf2 Nf5 33.Rxb4 Rxa2+ 34.Kg1 Ne3 35.g4 Kf7
36.Nd8+ Ke7 37.Nb7 Rg2+ 38.Kh1 Rf2 39.h3 Rxf3 40.Kh2 Nd5 41.Ra4 Nf4 42.Ra7 Rxh3+
43.Kg1 Rg3+ 44.Kf2 Rxg4 45.Kf3 h5 46.Nc5+ Kd6 47.Ne4+ Ke6 48.Ra6+ Kf5 49.Nd6+ Kg6
50.Nc8 Nd5 51.Rd6 Rc4 52.Na7 Rf4+ 53.Kg3 Ne3 54.Ra6 h4+ 55.Kh3 Rf3+ 56.Kh2 h3
57.Nc6 Ng4+ 58.Kg1 Rg3+  0-1

[Event "9th HIT Open"]
[Site "Nova Gorica SLO"]
[Date "2004.01.31"]
[Round "3"]
[White "Jaracz,B"]
[Black "Srebrnic,M"]
[Result "1/2-1/2"]
[WhiteElo "2287"]
[BlackElo "2225"]

1.e4 c5 2.Nf3 Nc6 3.Nc3 e5 4.Bc4 Be7 5.d3 d6 6.O-O Nf6 7.Ng5 O-O 8.f4 exf4
9.Bxf4 h6 10.Nf3 Be6 11.Nd5 Bxd5 12.exd5 Ne5 13.Bxe5 dxe5 14.Nxe5 Qd6 15.Qe2 Nxd5
16.Nxf7 Rxf7 17.Rxf7 Kxf7 18.Qh5+ Kg8 19.Bxd5+ Kh8 20.Rf1 Bf6 21.c3 Rd8 22.Be4 Rf8
23.Re1 Bg5 24.Qg6 Qxg6 25.Bxg6 Bf6 26.g3 Kg8 27.Kg2 Rd8 28.Re6 Kf8 29.Kf3 Be7
30.Re5 Rd6 31.Rf5+ Rf6 32.Ke4 Rxf5 33.Kxf5 b5 34.Ke6 a5 35.Kd5 a4 36.d4 cxd4
37.Kxd4 a3 38.b4 Bf6+ 39.Kd3 Ke7 40.Kc2 Kd7 41.Kb3 Kc6 42.Bd3 Kb6 43.Be2 Be5
44.Bf1 Bf6 45.Be2 Be5 46.Bf1  1/2-1/2

[Event "9th HIT Open"]
[Site "Nova Gorica SLO"]
[Date "2004.01.31"]
[Round "3"]
[White "Kovacevic,A"]
[Black "Kozul,Z"]
[Result "1-0"]
[WhiteElo "2541"]
[BlackElo "2605"]

1.e4 c5 2.Nf3 Nc6 3.Nc3 d6 4.d4 cxd4 5.Nxd4 Nf6 6.f3 e6 7.Be3 a6 8.Qd2 Bd7
9.g4 h6 10.O-O-O Ne5 11.Kb1 b5 12.Qe1 Qc7 13.h4 b4 14.Nce2 d5 15.exd5 Nxd5
16.Bc1 Nc4 17.Ng3 Ncb6 18.f4 Be7 19.Bg2 Rc8 20.Qf2 a5 21.f5 e5 22.f6 Nxf6
23.Ndf5 Nxg4 24.Qe2 g6 25.Nxe7 Kxe7 26.h5 Be6 27.hxg6 fxg6 28.b3 Nf6 29.Rde1 Nbd5
30.Qxe5 Qxc2+ 31.Ka1 Qc3+ 32.Qxc3 Nxc3 33.Bxh6 Kf7 34.Ref1 Bd5 35.Bxd5+ Nxd5
36.Ne4 Rc2 37.Rh3 Rg2 38.Rd3 Rxh6 39.Rxd5 Ke6 40.Nxf6 a4 41.Ra5 a3 42.Ra6+ Ke5
43.Ra5+ Ke6 44.Ne4 Rh8 45.Nc5+ Kd5 46.Nd3+ Kd4 47.Nxb4 g5 48.Rxa3 g4 49.Rd1+ Ke3
50.Nd5+ Ke2 51.Rb1 Rf2 52.b4 Rh3 53.Rb2+ Ke1 54.Rb1+ Ke2 55.Nc3+  1-0

[Event "TCh-FRA Nat1 GpB"]
[Site "Cannes FRA"]
[Date "2004.02.01"]
[Round "3"]
[White "Lepelletier,B"]
[Black "Kazhgaleyev,M"]
[Result "1/2-1/2"]
[WhiteElo "2450"]
[BlackElo "2568"]

1.e4 c5 2.Nc3 Nc6 3.Bb5 Nd4 4.Bc4 g6 5.Nf3 Bg7 6.Nxd4 cxd4 7.Qf3 Nh6 8.Ne2 O-O
9.d3 Ng4 10.Bb3 d6 11.h3 Ne5 12.Qg3 Qa5+ 13.Bd2 Qc5 14.f4 Nc6 15.h4 Qh5 16.Qg5 Qg4
17.h5 Qxg5 18.fxg5 e6 19.hxg6 hxg6 20.Rh4 Bd7 21.Kf2 Rfd8 22.Ng3 b6 23.Nf1 Kf8
24.Nh2 Ke7 25.Ng4 Rh8 26.g3 Na5 27.Rah1 Nxb3 28.axb3 Rxh4 29.gxh4 Rc8 30.Rc1 a5
31.c4 dxc3 32.bxc3 b5 33.d4 e5 34.Ne3 exd4 35.Nd5+ Kd8 36.c4 a4 37.Ba5+ Ke8
38.Nc7+ Kf8 39.cxb5 a3 40.Bb4 Be5 41.Bxa3 Bf4 42.Rc4 d3 43.b6 d2 44.Rd4 Bg4
45.Bxd6+ Bxd6 46.Rxd6 d1=Q 47.Rxd1 Bxd1 48.Na6 Bxb3 49.b7 Rd8 50.b8=Q Rxb8
51.Nxb8 Ba4 52.Na6 Ke7 53.Ke3 Bb3 54.Kd4 Kd6 55.Nc5 Ba2 56.e5+ Ke7 57.Ke3  1/2-1/2

[Event "75th ch-GER"]
[Site "Hoeckendorf GER"]
[Date "2004.02.01"]
[Round "3"]
[White "Tischbierek,R"]
[Black "Ott,F"]
[Result "1/2-1/2"]
[WhiteElo "2507"]
[BlackElo "2313"]

1.e4 c5 2.Nc3 Nc6 3.Nge2 e5 4.Nd5 d6 5.Nec3 a6 6.a4 Nf6 7.Bc4 Be6 8.d3 Be7
9.O-O Nb4 10.f4 Nbxd5 11.exd5 Bg4 12.Qe1 exf4 13.Bxf4 O-O 14.Qg3 Bf5 15.Qf3 Bg6
16.Rae1 Qd7 17.g4 Rfe8 18.h3 Bf8 19.Qg3 Rxe1 20.Rxe1 Re8 21.Ra1 Qc7 22.a5 Nd7
23.Nd1 Ne5 24.Ne3 Be7 25.Kf1 Qd8 26.Kg1 Bh4 27.Qg2 Bg5 28.Qg3 Bxf4 29.Qxf4 Qh4
30.Kh2 h5 31.Ng2 Qd8 32.Bb3 hxg4 33.hxg4 Bh7 34.Kg3 Ng6 35.Qf3 Qg5 36.Rf1 Re7
37.Qf5 Qxf5 38.gxf5 Ne5 39.f6 Rc7 40.Nf4 Bg6 41.fxg7 Kxg7 42.Ba4 Rc8 43.Rb1 Kf6
44.b4  1/2-1/2

[Event "9th HIT Open"]
[Site "Nova Gorica SLO"]
[Date "2004.02.04"]
[Round "8"]
[White "Crepan,M"]
[Black "Barle,J"]
[Result "0-1"]
[WhiteElo "2292"]
[BlackElo "2394"]

1.e4 c5 2.Nf3 Nc6 3.Nc3 e5 4.Bc4 Be7 5.O-O Nf6 6.Re1 d6 7.h3 O-O 8.d3 Be6
9.Bg5 Rc8 10.Bxf6 Bxf6 11.Nd5 g6 12.Nxf6+ Qxf6 13.Nh2 Qg5 14.Re3 Rcd8 15.Rg3 Qe7
16.Qd2 d5 17.exd5 Bxd5 18.Bxd5 Rxd5 19.Re1 f5 20.Nf3 Qg7 21.h4 h6 22.Qc3 Kh7
23.Qc4 Rfd8 24.a3 a6 25.b4 cxb4 26.axb4 Qe7 27.c3 Qd7 28.d4 e4 29.Nd2 Nxd4
30.Nxe4 fxe4 31.cxd4 Rxd4 32.Qc5 Rc8 33.Qe5 Re8 34.Qc5 Qd6 35.h5 g5 36.Qf5+ Kg7
37.Rc3 Rf8 38.Qa5 Qf6 39.Rcc1 Kh8 40.Rc2 Rfd8 41.b5 axb5 42.Qxb5 Rd1 43.Re2 Qc3
44.Rxd1 Rxd1+ 45.Kh2 Qc7+ 46.g3 Qf7 47.Qe5+ Kg8 48.Rxe4 Qxh5+ 49.Rh4 Qf7
50.Re4 Qxf2+ 51.Kh3 Qf7 52.Qb5 Qh5+  0-1

[Event "Gibraltar Masters"]
[Site "Catalan Bay ENG"]
[Date "2004.02.05"]
[Round "10"]
[White "Tissir,M"]
[Black "Ward,C"]
[Result "1/2-1/2"]
[WhiteElo "2436"]
[BlackElo "2522"]

1.e4 c5 2.Nc3 Nc6 3.Bb5 Nd4 4.Bc4 e6 5.Nf3 Nf6 6.O-O a6 7.d3 b5 8.Bb3 Nxb3
9.axb3 Bb7 10.e5 Nd5  1/2-1/2

[Event "9th HIT Open"]
[Site "Nova Gorica SLO"]
[Date "2004.02.05"]
[Round "9"]
[White "Bartel,Mat"]
[Black "Sveshnikov,E"]
[Result "1-0"]
[WhiteElo "2482"]
[BlackElo "2557"]

1.e4 c5 2.Nc3 Nc6 3.Nge2 Nf6 4.g3 d5 5.exd5 Nd4 6.Bg2 Bg4 7.O-O Nxd5 8.f3 Bf5
9.Nxd4 cxd4 10.Nxd5 Qxd5 11.f4 Qd7 12.b3 h5 13.c4 d3 14.Ba3 Rc8 15.Qf3 b6
16.Rae1 e6 17.Bxf8 Kxf8 18.h3 b5 19.g4 hxg4 20.hxg4 Bg6 21.cxb5 Qxb5 22.Rf2 Rh4
23.Qg3 Rh6 24.Qe3 Qa5 25.a3 Kg8 26.Ref1 Rd8 27.a4 a6 28.Rc1 Qb4 29.Rc3 Qb8
30.Qe5 Qxe5 31.fxe5 Rb8 32.Rf4 Rh4 33.Kf2 f6 34.Kg3 fxe5 35.Rfc4 Kh8 36.Rc6 Kh7
37.Rxa6 e4 38.Kf2 e3+ 39.Kxe3 Rb4 40.Rc4 Rxb3 41.Rxe6  1-0

[Event "IV Comunic Masters"]
[Site "Sao Paulo BRA"]
[Date "2004.02.05"]
[Round "2"]
[White "Benares,R"]
[Black "Madeira,W"]
[Result "1-0"]
[WhiteElo "2298"]
[BlackElo "2215"]

1.e4 c5 2.Nf3 Nc6 3.Nc3 Nf6 4.Bb5 Nd4 5.e5 Nxb5 6.Nxb5 Nd5 7.Ng5 f6 8.Qf3 Nc7
9.exf6 exf6 10.Qe4+ Ne6 11.Nxh7 d5 12.Qg6+ Kd7 13.Nxf8+ Qxf8 14.d4 Kc6 15.c4 dxc4
16.a4 Nxd4 17.Qe4+ Kb6 18.Nxd4 cxd4 19.a5+ Ka6 20.O-O Qc5 21.Bf4 Bf5 22.Qf3 Rae8
23.Rfc1 Be4 24.Qd1 g5 25.b4 Qb5 26.Qxd4 gxf4 27.Rxc4 Re5 28.Rac1 Bc6 29.Qxf4 Rhe8
30.f3 Re1+ 31.Rxe1 Rxe1+ 32.Kf2 Rb1 33.Qd4 Rb3 34.h4 Qd5 35.h5 Rd3 36.Qxd5 Rxd5
37.Rh4 Rd8 38.Rf4 Kb5 39.g4 Bd5 40.h6 Bc4 41.Rxf6 Kxb4 42.g5 Bd3 43.f4 Kxa5
44.f5 Rh8 45.Ke3 Bb1 46.Rf7 Bxf5  1-0

[Event "I Comunic IRT"]
[Site "Sao Paulo BRA"]
[Date "2004.02.07"]
[Round "5"]
[White "Moyses Fo.,J"]
[Black "Da Silva,Saulo Tarso"]
[Result "1-0"]
[WhiteElo "2067"]
[BlackElo "2031"]

1.e4 c5 2.Nf3 Nc6 3.Nc3 e5 4.g3 Nf6 5.Bg2 d6 6.O-O h6 7.d3 Bg4 8.h3 Be6 9.Nh4 Qd7
10.Nd5 O-O-O 11.Nxf6 gxf6 12.g4 h5 13.Nf5 hxg4 14.hxg4 d5 15.Be3 d4 16.Bd2 Be7
17.a3 Rdg8 18.b4 c4 19.b5 Nd8 20.a4 Bc5 21.Qe2 c3 22.Bc1 Qe8 23.Ba3 Bxa3
24.Rxa3 Qf8 25.Rfa1 Bxf5 26.exf5 Rh4 27.f3 Qh6 28.Qf2 Rh8 29.Kf1 Qf4 30.Kg1 Rh2
31.a5 Kd7 32.R3a2 R8h4 33.Re1 Qh6 34.Qg3 Qd2 35.Raa1 Qxc2 36.f4 e4 37.Rxe4 Rxg2+
38.Qxg2 Qxd3 39.Rae1 Rh3 40.Qf2 Rg3+ 41.Kh2  1-0

[Event "FSGM February"]
[Site "Budapest HUN"]
[Date "2004.02.08"]
[Round "2"]
[White "Livshits,G"]
[Black "Banusz,T"]
[Result "1-0"]
[WhiteElo "2400"]
[BlackElo "2372"]

1.e4 c5 2.Nf3 Nc6 3.Nc3 e5 4.Bc4 d6 5.d3 Be7 6.Nd2 Nf6 7.Nf1 Bg4 8.f3 Be6
9.Ne3 O-O 10.O-O a6 11.a4 Nb4 12.Bd5 Qd7 13.a5 Bxd5 14.exd5 b5 15.axb6 Qb7
16.f4 Qxb6 17.fxe5 dxe5 18.Kh1 Qb7 19.d6 Bd8 20.Nc4 Qc6 21.Bg5 Nfd5 22.Bxd8 Raxd8
23.Ne4 Nb6 24.Nxe5 Qd5 25.Rf5 Qe6 26.Qg4 Nxc2 27.Nf6+ Kh8 28.Nxh7 Kxh7 29.Rh5+ Kg8
30.Qh4 g6 31.Rh8+ Kg7 32.Rh7+ Kg8 33.Nc6 Qxd6 34.Qh6 Qf6 35.Ne7+  1-0

[Event "TCh-CZE Extraliga 2003-4"]
[Site "Czech Rep CZE"]
[Date "2004.02.08"]
[Round "7"]
[White "Vavra,P1"]
[Black "Pisk,P"]
[Result "1/2-1/2"]
[WhiteElo "2366"]
[BlackElo "2322"]

1.e4 c5 2.Nf3 Nc6 3.Nc3 d6 4.d4 cxd4 5.Nxd4 Nf6 6.Bc4 Qb6 7.Nde2 e6 8.O-O Be7
9.Kh1 O-O 10.Ng3 Rd8 11.f4 d5 12.exd5 exd5 13.Bd3 Bg4 14.Qd2 Bb4 15.h3 Bc8
16.Qd1 Bf8 17.a3 Qc7 18.Qf3 a6 19.Nh5 Nxh5 20.Qxh5 g6 21.Qg5 Qe7 22.Qg3 Qd6
23.Be3 Bg7 24.Rad1 d4 25.Ne4 Qc7 26.Bg1 Bf5 27.Qf3 Re8 28.g4 Bxe4 29.Bxe4 Rad8
30.Bh2 Rd7 31.Rfe1 Rde7 32.f5 Be5 33.Bxc6 bxc6 34.Bg1 c5 35.Re4 Qc6 36.Kg2 Bf6
37.Rxe7 Qxf3+ 38.Kxf3 Rxe7 39.b4 gxf5 40.g5 Bxg5 41.bxc5 Be3 42.c3 Kf8 43.cxd4 Bxg1
44.Rxg1 Re4 45.Rc1 Rxd4 46.c6 Rd8 47.Kf4 Ke7 48.Kxf5 a5 49.Re1+ Kf8 50.Rb1 Rd5+
51.Ke4 Rc5 52.Rb6 Ke7 53.Kd4 Rh5 54.c7  1/2-1/2

[Event "TCh-CZE Extraliga 2003-4"]
[Site "Czech Rep CZE"]
[Date "2004.02.08"]
[Round "7"]
[White "Kanovsky,D"]
[Black "Sikora Lerch,J"]
[Result "1-0"]
[WhiteElo "2302"]
[BlackElo "2345"]

1.Nf3 c5 2.e4 Nc6 3.Nc3 g6 4.d4 cxd4 5.Nxd4 Bg7 6.Nde2 d6 7.g3 h5 8.h3 Be6
9.Nf4 Bxc3+ 10.bxc3 Bd7 11.Bg2 Qc8 12.Rb1 Nf6 13.Nd5 Nxd5 14.exd5 Ne5 15.Qd4 f6
16.f4 Nc4 17.Kf2 b5 18.Re1 Kf7 19.h4 Qc5 20.Qxc5 dxc5 21.d6 Nxd6 22.Bd5+ e6
23.Bxa8 Rxa8 24.Ba3 Rc8 25.Rbd1 Ke7 26.Rd5 Nb7 27.f5 gxf5 28.Rxf5 Be8 29.g4 hxg4
30.h5 Kf7 31.Rf4 f5 32.h6 Bc6 33.c4 Nd6 34.Bb2 Nxc4 35.Rxc4 bxc4 36.h7 f4
37.h8=Q Rxh8 38.Bxh8 g3+ 39.Kf1 f3 40.Be5 g2+ 41.Kf2 Ke7 42.c3 Kd7 43.Rb1 Be4
44.Rb8 Kc6 45.Bf4 Bd5 46.Rc8+ Kb5 47.Bd6 Kb6 48.Bxc5+ Kb7 49.Re8 a6 50.Bd4 Kc6
51.Ra8 Kb5 52.Rb8+ Ka4 53.Bc5 e5 54.Re8 e4 55.Re5 Bc6 56.Bb4 e3+ 57.Rxe3 a5
58.Bc5 Kb5 59.Bd4 Ka4 60.Re5 Ka3  1-0

[Event "12th Fajr Open"]
[Site "Isfahan IRI"]
[Date "2004.02.09"]
[Round "4"]
[White "Mahjoob,M"]
[Black "Mohandesi,S"]
[Result "1-0"]
[WhiteElo "2457"]
[BlackElo "2314"]

1.e4 c5 2.Nc3 Nc6 3.Bb5 e6 4.Bxc6 bxc6 5.d3 d5 6.f4 Nf6 7.e5 Nd7 8.Nf3 Be7
9.O-O O-O 10.b3 Ba6 11.Qe1 c4 12.bxc4 dxc4 13.d4 Nb6 14.Ne4 c3 15.Rf2 Nd5
16.a4 Qa5 17.Ba3 Bb4 18.Bxb4 Qxb4 19.Nc5 Bc4 20.Ng5 Rfb8 21.Rd1 h6 22.Nge4 a5
23.f5 exf5 24.Rxf5 Ra7 25.h3 Qb2 26.Nd6 Ba2 27.Qe2 Nb4 28.Rf2 Bd5 29.Nf5 Be6
30.Nxe6 fxe6 31.Nd6 Qa2 32.Rdf1 Qd5 33.Qg4 c5 34.Qg6 Raa8 35.Nf7 Qxd4 36.Nxh6+ Kh8
37.Nf7+ Kg8 38.Qh5  1-0

[Event "AS04 Centenary"]
[Site "Copenhagen DEN"]
[Date "2004.02.15"]
[Round "9"]
[White "Hector,J"]
[Black "Christensen,Bo"]
[Result "1-0"]
[WhiteElo "2518"]
[BlackElo "2296"]

1.e4 c5 2.Nc3 Nc6 3.Nge2 g6 4.d4 cxd4 5.Nxd4 Bg7 6.Be3 d6 7.Bc4 Nf6 8.h3 O-O
9.Bb3 Qa5 10.O-O Bd7 11.f4 Rac8 12.Nf3 Nh5 13.Qe1 Bh6 14.Qh4 e5 15.g4 Bxf4
16.Bxf4 Nxf4 17.Ng5 h5 18.gxh5 Nxh5 19.Nxf7 Nd4 20.Qe7 Nxb3 21.Nh6+ Kh8 22.Rxf8+ Rxf8
23.Qxf8+ Kh7 24.Nf7 Qc5+ 25.Kh1 g5 26.Nxg5+ Kg6 27.Rg1  1-0

[Event "AS04 Centenary"]
[Site "Copenhagen DEN"]
[Date "2004.02.15"]
[Round "9"]
[White "Moller,F"]
[Black "Hald,J"]
[Result "0-1"]
[WhiteElo "1897"]
[BlackElo "2188"]

1.e4 c5 2.Nf3 Nc6 3.Nc3 d6 4.h3 g6 5.d4 cxd4 6.Nxd4 Bg7 7.Be3 Bd7 8.Bc4 a6
9.a3 Rc8 10.Bb3 Nf6 11.Qd2 O-O 12.O-O Na5 13.Ba2 Nc4 14.Bxc4 Rxc4 15.Rad1 Qc8
16.f3 b5 17.Kh1 Re8 18.g4 a5 19.Rg1 b4 20.axb4 axb4 21.Nb1 e5 22.Nb3 Rxc2
23.Qxd6 Be6 24.Qxb4 Rxb2 25.N1d2 Bxb3 26.Nxb3 Qc2 27.Rd2 Rxb3 28.Qa4 Qc3  0-1

[Event "2nd Breizh Masters"]
[Site "Guingamp FRA"]
[Date "2004.02.15"]
[Round "4"]
[White "Istratescu,A"]
[Black "Gozzoli,Y"]
[Result "1/2-1/2"]
[WhiteElo "2590"]
[BlackElo "2430"]

1.e4 c5 2.Nf3 Nc6 3.Nc3 e5 4.Bc4 Be7 5.d3 Nf6 6.Ng5 O-O 7.f4 d5 8.Nxd5 Nxd5
9.Bxd5 exf4 10.Nf3 Be6 11.c4 Qc7 12.Bd2 Ne5 13.Qe2 Bf6 14.O-O Nxf3+ 15.Qxf3 Bxb2
16.Bxf4 Qd7 17.Rab1 Bd4+ 18.Be3 Bxe3+ 19.Qxe3 Bxd5 20.cxd5 b6 21.Rf5 f6 22.Rbf1 Qd6
23.g4 g6 24.R5f4 Rae8 25.Qf3 Kg7 26.g5 f5 27.exf5 Re5 28.Qh3 Qxd5 29.Rh4 h5
30.gxh6+  1/2-1/2

[Event "FSGM February"]
[Site "Budapest HUN"]
[Date "2004.02.16"]
[Round "10"]
[White "Livshits,G"]
[Black "Kahn,E"]
[Result "0-1"]
[WhiteElo "2400"]
[BlackElo "2292"]

1.e4 c5 2.Nc3 Nc6 3.Nge2 Nd4 4.Nxd4 cxd4 5.Nb5 e5 6.Qh5 d6 7.Bc4 g6 8.Qf3 Be6
9.Bxe6 fxe6 10.O-O Qd7 11.Na3 Bg7 12.Qb3 Nf6 13.d3 O-O 14.f4 Nh5 15.f5 gxf5
16.exf5 d5 17.g4 Nf6 18.h3 Kh8 19.Bd2 exf5 20.Rxf5 Nxg4 21.hxg4 Rxf5 22.gxf5 Rg8
23.Kf2 Bh6 24.Rh1 Qxf5+ 25.Ke1 Bxd2+ 26.Kxd2 Qf4+  0-1

[Event "Tringov mem Open"]
[Site "Plovdiv BUL"]
[Date "2004.02.18"]
[Round "4"]
[White "Ermenkov,E"]
[Black "Bonev,T"]
[Result "1-0"]
[WhiteElo "2449"]
[BlackElo "2135"]

1.e4 c5 2.Nc3 Nc6 3.Nge2 e5 4.Nd5 Nf6 5.Nec3 d6 6.Bc4 Nxd5 7.Nxd5 Be7 8.d3 Be6
9.O-O O-O 10.f4 exf4 11.Bxf4 Ne5 12.Bxe5 dxe5 13.Qf3 Rb8 14.a4 Bxd5 15.Bxd5 Bf6
16.Kh1 h6 17.Qh5 Qe7 18.Rf3 Rfd8 19.Raf1 Rd6 20.g4 Qd7 21.c4 Kh7 22.Rh3 Rf8
23.b3 Qe7 24.Rhf3 Rb6 25.a5 Ra6 26.g5 Bxg5 27.Rxf7 Rxf7 28.Rxf7 Qd8 29.Rxb7 Rxa5
30.Qf7 Bf6 31.h4 Qc8 32.Be6 Qd8 33.Rd7 Qc8 34.h5 Kh8 35.Rc7  1-0

[Event "5th Montenegro Open"]
[Site "Sozina SCG"]
[Date "2004.02.18"]
[Round "1"]
[White "Kontic,D"]
[Black "Damljanovic,B"]
[Result "0-1"]
[WhiteElo "2313"]
[BlackElo "2575"]

1.e4 c5 2.Nc3 Nc6 3.Nge2 d6 4.d4 cxd4 5.Nxd4 Nf6 6.Be3 e5 7.Nf3 Be7 8.Bc4 O-O
9.h3 Be6 10.Bb3 Na5 11.Bg5 Nc4 12.Qe2 Rc8 13.O-O-O b5 14.Bxf6 Bxf6 15.Nxb5 Qa5
16.Nxd6 Nxd6 17.Bxe6 fxe6 18.Rxd6 Qxa2 19.Qa6 Bg5+ 20.Nxg5 Rxc2+ 21.Kxc2 Rxf2+
22.Qe2 Qc4+ 23.Kb1 Qxe2 24.Rd8+ Rf8 25.Rxf8+ Kxf8 26.Rc1 h6 27.Nxe6+ Kf7
28.Nc5 Qxg2 29.Rc3 g5 30.Ka2 Qf2  0-1

[Event "ch-CZE junior"]
[Site "Karlovy Vary CZE"]
[Date "2004.02.19"]
[Round "2"]
[White "Kuncar,P"]
[Black "Priborsky,J"]
[Result "1/2-1/2"]
[WhiteElo "2086"]
[BlackElo "2229"]

1.e4 c5 2.Nf3 Nc6 3.Nc3 e5 4.Bc4 Be7 5.d3 d6 6.Nd2 Nf6 7.Nf1 Nd7 8.Ne3 Nb6
9.O-O Bg5 10.Ned5 Bxc1 11.Rxc1 O-O 12.f4 exf4 13.Rxf4 Be6 14.Qh5 Ne5 15.Rcf1 Ng6
16.R4f2 Rc8 17.Ne3 Qh4 18.Qxh4  1/2-1/2

[Event "53rd ch-BUL w"]
[Site "Sofia BUL"]
[Date "2004.02.19"]
[Round "3"]
[White "Gocheva,R"]
[Black "Chilingirova,P"]
[Result "0-1"]
[WhiteElo "2219"]
[BlackElo "2201"]

1.e4 c5 2.Nc3 Nc6 3.Nge2 d6 4.d4 cxd4 5.Nxd4 Nf6 6.Bg5 e6 7.Qd2 h6 8.Bxf6 gxf6
9.O-O-O Nxd4 10.Qxd4 a6 11.f4 Be7 12.f5 Qa5 13.fxe6 fxe6 14.Kb1 Bd7 15.g3 Qc5
16.Qd3 O-O-O 17.Bh3 Kb8 18.Ne2 Bb5 19.Qd2 d5 20.Nc3 dxe4 21.Qf4+ e5 22.Qf5 e3
23.Rc1 Bc6 24.Rhe1 Qb6 25.Qe6 Bb4 26.Qb3 Qc5 27.Bg4 Rd2 28.Be2 Bxc3 29.bxc3 Ka7
30.Kb2 f5 31.Qb4 Qxb4+ 32.cxb4 f4 33.Kb3 f3 34.Bxf3 Bxf3 35.Rxe3 e4 36.a4 Rc8
37.c4 Rxh2 38.c5 Re2 39.Rec3 e3 40.b5 axb5 41.axb5 Bd5+ 42.Kb4 Rb2+ 43.Ka5 Ra2+
44.Kb4 Re8 45.Ra3+ Rxa3 46.Kxa3 e2 47.Re1 Re3+ 48.Kb4 Re4+ 49.Ka5 b6+ 50.cxb6+ Kb8
51.b7 Kxb7 52.g4 Bc4  0-1

[Event "Aeroflot Open"]
[Site "Moscow RUS"]
[Date "2004.02.20"]
[Round "4"]
[White "Meister,Y"]
[Black "Smirnov,P"]
[Result "1-0"]
[WhiteElo "2488"]
[BlackElo "2609"]

1.e4 c5 2.Nf3 Nc6 3.Nc3 e5 4.Bc4 Be7 5.d3 Nf6 6.Ng5 O-O 7.f4 d5 8.exd5 Nd4
9.O-O Bg4 10.Qe1 exf4 11.Bxf4 h6 12.Nge4 Nh5 13.Qd2 b5 14.d6 Bh4 15.Nxb5 Ne2+
16.Kh1 Nhxf4 17.Rxf4 Bg5 18.Nxg5 Qxg5 19.Raf1 Rae8 20.Rxf7 Qxd2 21.Rxf8+ Kh7
22.Bg8+ Kg6 23.Bf7+ Kg5 24.Bxe8 Qxc2 25.d4 Nxd4  1-0

[Event "2nd Breizh Masters"]
[Site "Guingamp FRA"]
[Date "2004.02.21"]
[Round "10"]
[White "Le Roux,JP"]
[Black "Wirig,A"]
[Result "1/2-1/2"]
[WhiteElo "2480"]
[BlackElo "2418"]

1.e4 c5 2.Nf3 Nc6 3.Nc3 g6 4.d4 cxd4 5.Nxd4 Bg7 6.Nde2 Nf6 7.g3 b5 8.Bg2 Rb8
9.O-O b4 10.Nd5 Ba6 11.Re1 O-O 12.a3 Bxe2 13.Rxe2 Nxd5 14.exd5 Nd4 15.Re4 bxa3
16.Rxa3 Nf5 17.c3 Nd6 18.Re2 Nb5 19.Ra4 d6 20.h4 Rb7 21.h5 Qd7 22.Ree4 Re8
23.Qd3 Nc7 24.hxg6 hxg6 25.g4 Rb5 26.Rac4 Ra5 27.Re1 Ra1 28.Qe2 Na6 29.Be3 Rxe1+
30.Qxe1 Qb5 31.Qe2 Nc7 32.Qd3 Na8 33.Bf1 Qxb2 34.Bxa7 Qb7 35.Be3 Nc7 36.Rc6 Rb8
37.Rb6 Qa8 38.Rc6 Ne8 39.g5 Qa4 40.c4 Qa1 41.Kg2 Be5 42.c5 dxc5 43.Bxc5 Nd6
44.Ra6 Qc1 45.Qe3 Qxe3 46.Bxe3 Nf5 47.Kf3 Nxe3 48.fxe3 Rb1 49.Kf2 Rb4 50.Kf3 Bd6
51.Ra2 Kg7 52.Rg2 Rh4 53.Rg1 Ra4 54.Rg2 Ra3 55.Rc2 Ra1 56.Bg2 Rd1 57.Kf2 f6
58.gxf6+ Kxf6 59.Ke2 Rg1 60.Kf2 Rd1  1/2-1/2

[Event "ch-CZE junior"]
[Site "Karlovy Vary CZE"]
[Date "2004.02.21"]
[Round "4"]
[White "Mikuev,E"]
[Black "Priborsky,J"]
[Result "1/2-1/2"]
[WhiteElo "2246"]
[BlackElo "2229"]

1.e4 c5 2.Nf3 Nc6 3.Nc3 Nf6 4.Bb5 e5 5.Bxc6 dxc6 6.Nxe5 Nxe4 7.Nxe4 Qd4 8.Qe2 Qxe5
9.f4 Qxf4 10.d4 Qh4+ 11.g3 Qe7 12.Bg5 Qe6 13.O-O-O h6 14.Qh5 Be7 15.Rhe1 O-O
16.Nd2 Bxg5 17.Rxe6 Bxe6 18.h4 Be3 19.dxc5 Rfe8 20.Kb1 Rad8 21.Ne4 Rxd1+
22.Qxd1 Bd5 23.Nd6 Re5 24.b4 Bf2 25.Qd3 Re3 26.Qf5 Re1+ 27.Kb2 Bd4+ 28.Ka3 Be6
29.Qf4 Be5 30.Qf2 Ra1 31.c4 b5 32.Qe2 Bf6 33.cxb5 cxb5 34.Nxb5 Rxa2+ 35.Qxa2 Bxa2
36.Kxa2 Be5 37.c6 Bxg3 38.c7 Bxc7 39.Nxc7 g5 40.hxg5 hxg5 41.Nd5 Kf8 42.Kb2 Ke8
43.Kc3 Kd7 44.b5 Kc8 45.Kb4 Kb7 46.Ka5 f5 47.Ne3 f4 48.Ng4 f3 49.Nf2 Kb8
50.Ka6 Ka8  1/2-1/2

[Event "Premier"]
[Site "Portsmouth ENG"]
[Date "2004.02.22"]
[Round "6"]
[White "Corkett,A"]
[Black "Hunt,H"]
[Result "0-1"]
[WhiteElo "2314"]
[BlackElo "2392"]

1.Nc3 c5 2.e4 Nc6 3.Bb5 Nd4 4.Nf3 Nxb5 5.Nxb5 a6 6.Nc3 e6 7.d4 cxd4 8.Qxd4 Ne7
9.Bf4 b5 10.O-O Nc6 11.Qe3 f6 12.Rad1 Qa5 13.a3 Bb7 14.Bd6 Rc8 15.e5 f5 16.Ng5 Bxd6
17.Rxd6 Ne7 18.Rfd1 Bc6 19.Qh3 b4 20.Nxh7 bxc3 21.Qh5+ g6 22.Nf6+ Kf7 23.Qe2 cxb2  0-1

[Event "5th Montenegro Open"]
[Site "Sozina SCG"]
[Date "2004.02.22"]
[Round "5"]
[White "Kontic,D"]
[Black "Jakic,V"]
[Result "1-0"]
[WhiteElo "2313"]
[BlackElo "2090"]

1.e4 c5 2.Nc3 Nc6 3.Nge2 g6 4.d4 cxd4 5.Nxd4 Bg7 6.Be3 d6 7.f3 Nf6 8.Qd2 a6
9.O-O-O Bd7 10.Bc4 Rc8 11.Nxc6 Bxc6 12.e5 dxe5 13.Qxd8+ Rxd8 14.Rxd8+ Kxd8
15.Bxf7 Nd7 16.Rd1 Kc7 17.Nd5+ Bxd5 18.Bxd5 Nb8 19.Be6 Rf8 20.Rd5 e4 21.fxe4 Rf1+
22.Kd2 Bxb2 23.Ke2 Rf6 24.Bh3 e6 25.Rd1 Nc6 26.Bg5 Rf8 27.Ke3 e5 28.Rd7+ Kb6
29.Kd3 Bd4 30.c3 Bc5 31.Rxh7 Rf2 32.Bc8 Na5 33.Bd8+ Kb5 34.Bd7+ Nc6 35.Be8 b6
36.Rc7 Rxg2 37.Rxc6  1-0

[Event "ch-CZE w"]
[Site "Karlovy Vary CZE"]
[Date "2004.02.24"]
[Round "5"]
[White "Valickova,M"]
[Black "Rerabkova,L"]
[Result "1-0"]
[WhiteElo "2054"]
[BlackElo "2020"]

1.e4 c5 2.Nf3 Nc6 3.Nc3 g6 4.Bb5 Bg7 5.O-O e6 6.Bxc6 bxc6 7.e5 f5 8.d4 d6
9.exd6 cxd4 10.Nxd4 Qd7 11.Nxe6 Qxe6 12.Re1 Be5 13.Bf4 Kd7 14.Bxe5 Nf6 15.Na4 Kd8
16.Nc5  1-0

[Event "1st Balagne Open"]
[Site "Calvi FRA"]
[Date "2004.02.25"]
[Round "6"]
[White "Delabaca,R"]
[Black "Starostits,I"]
[Result "0-1"]
[WhiteElo "2188"]
[BlackElo "2431"]

1.e4 c5 2.Nc3 Nc6 3.Nf3 g6 4.d4 cxd4 5.Nxd4 Bg7 6.Be3 Nf6 7.Bc4 d6 8.f3 Bd7
9.Qd2 O-O 10.O-O-O Qa5 11.Bb3 Ne5 12.h4 Rfc8 13.Kb1 Nc4 14.Bxc4 Rxc4 15.Nb3 Qe5
16.Bd4 Qe6 17.h5 a5 18.Nd5 a4 19.Nxf6+ Bxf6 20.Bxf6 Qxf6 21.Nd4 g5 22.a3 h6
23.c3 Ra5 24.Nc2 Be6 25.Nb4 Kg7 26.Qe3 Qe5 27.Rd4 Rb5 28.Rxc4 Bxc4 29.Qd4 Rc5
30.Nc2 b5 31.Kc1 Bb3 32.Qxe5+ Rxe5 33.Ne3 Be6 34.Kd2 f5 35.exf5 Bxf5 36.g4 Bd7
37.Ke2 Kf6 38.Rd1 Rc5 39.Nc2 d5 40.Nb4 e6 41.Ke3 Rc4 42.Rd4 Ke5 43.Nd3+ Kd6
44.Rxc4 bxc4 45.Nf2 e5 46.Nh3 Be6 47.Nf2 Bg8 48.Nh1 Kc5 49.Nf2 Bh7 50.Nh1 d4+
51.Kd2 Kd5 52.Nf2 Bb1 53.Ke1 Bd3 54.Kd2 Bh7 55.Ke2 e4 56.fxe4+ Bxe4 57.cxd4 Kxd4
58.Nd1 Bc6 59.Nc3 Bd7 60.Kf3 Kd3  0-1

[Event "ch-CZE junior"]
[Site "Karlovy Vary CZE"]
[Date "2004.02.25"]
[Round "9"]
[White "Simek,P2"]
[Black "Priborsky,J"]
[Result "0-1"]
[WhiteElo "2155"]
[BlackElo "2229"]

1.e4 c5 2.Nf3 Nc6 3.Nc3 Nf6 4.Bb5 Qc7 5.O-O Nd4 6.a4 e6 7.d3 a6 8.Bc4 b6
9.Be3 Nxf3+ 10.Qxf3 Bb7 11.Rae1 Be7 12.Bf4 Qc6 13.Qe2 O-O 14.f3 Rae8 15.Bb3 d5
16.e5 Nd7 17.Nd1 f6 18.c4 fxe5 19.Bxe5 Nxe5 20.Qxe5 Bd6 21.Qe2 Qc7 22.h3 Qf7
23.Qd2 Bf4 24.Qe2 Bb8 25.Nc3 Qc7 26.g4 d4 27.Ne4 Bxe4 28.dxe4 Qg3+ 29.Qg2 Rxf3
30.Rxf3 Qxe1+ 31.Rf1 Qh4 32.Qf2 Qe7 33.Bc2 h6 34.Qf3 Be5 35.Bd3 Kh7 36.b3 Qg5
37.Qf2 Kh8 38.Kh1 Rb8 39.Qe2 Qh4 40.Qf3 Kh7 41.Qg2 Ra8 42.Rf2 Kg8 43.Qf3 Kh8
44.Qg2 Qg5 45.Qf3 Qh4 46.Qg2 Rd8 47.g5 hxg5 48.Rf1 Bf4 49.Qg4 Qxg4 50.hxg4 g6
51.Kg2 Kg7 52.Rd1 Rh8 53.Rh1 Rh4 54.Be2 Kf6 55.Rb1 a5 56.Kf3 Rh3+ 57.Kf2 Ke5
58.Bf3 Rh2+ 59.Kf1 d3 60.Bg2 Kd4 61.Bf3 Ke3 62.Bg2 d2  0-1